[Event "AUTO-ADV-263"]
[Site "http://www.queenalice.com/game.php?id=112537"]
[Date "2006.10.3"]
[Round "1"]
[White "MrX"]
[Black "petrossian"]
[Result "1-0"]
[WhiteElo "2072"]
[BlackElo "1847"]

1. d4 Nf6 2. c4 e6 3. Nf3 d5 4. Nc3 Bb4 5. Bg5 O-O 6. e3 c5 7. dxc5 Bxc3+ 8.
bxc3 Nbd7 9. cxd5 Qa5 10. dxe6 Qxc3+ 11. Nd2 Nxc5 12. exf7+ Kh8 13. Bxf6 Qxf6
14. Bc4 Be6 15. Bxe6 Nd3+ 16. Ke2 Nxf2 17. Qb3 Nxh1 18. Rxh1 b6 19. Rf1 Qg6 20.
g3 Qh5+ 21. Nf3 Rad8 22. Rd1 Rxd1 23. Qxd1 Qb5+ 24. Kf2 g6 25. Qd4+ 1-0

[Event "AUTO-ADV-263"]
[Site "http://www.queenalice.com/game.php?id=112538"]
[Date "2006.10.3"]
[Round "1"]
[White "petrossian"]
[Black "MrX"]
[Result "1/2-1/2"]
[WhiteElo "1882"]
[BlackElo "2082"]

1. e4 c6 2. d4 d5 3. Nc3 dxe4 4. Nxe4 Bf5 5. Ng3 Bg6 6. Nf3 Nd7 7. Bd3 Bxd3 8.
Qxd3 Qc7 9. O-O O-O-O 10. c3 Ngf6 11. a4 e6 12. Bg5 Bd6 13. Ne4 Be7 14. Rfe1
Rhe8 15. b4 h6 16. Be3 Nxe4 17. Qxe4 Nf6 18. Qc2 Bd6 19. h3 Kb8 20. a5 a6 21.
Reb1 Nd5 22. Bd2 Bf4 23. Be1 e5 24. c4 Nf6 25. dxe5 Bxe5 26. Nxe5 Rxe5 27. Bc3
Re6 28. b5 cxb5 29. cxb5 Nd5 30. Ra3 Nxc3 31. Rxc3 Qxa5 32. bxa6 Qxa6 33. Rc7
Rb6 34. Rxf7 1/2-1/2

[Event "AUTO-ADV-263"]
[Site "http://www.queenalice.com/game.php?id=112539"]
[Date "2006.10.3"]
[Round "1"]
[White "MrX"]
[Black "johntelker"]
[Result "1-0"]
[WhiteElo "2035"]
[BlackElo "1795"]

1. e4 e6 2. d4 d5 3. Nd2 dxe4 4. Nxe4 Nc6 5. Nf3 Nf6 6. Bg5 Be7 7. Nxf6+ Bxf6 8.
Bxf6 Qxf6 9. Bb5 Bd7 10. O-O O-O 11. Ne5 Rad8 12. Bxc6 Bxc6 13. c3 Bb5 14. Re1
b6 15. Qb3 a6 16. a4 Bd7 17. Qc4 a5 18. Qxc7 Qe7 19. Nc6 1-0

[Event "AUTO-ADV-263"]
[Site "http://www.queenalice.com/game.php?id=112540"]
[Date "2006.10.3"]
[Round "1"]
[White "johntelker"]
[Black "MrX"]
[Result "0-1"]
[WhiteElo "1818"]
[BlackElo "2059"]

1. d4 Nf6 2. Nf3 g6 3. e3 Bg7 4. c4 b6 5. Be2 Bb7 6. O-O d6 7. Nc3 Nbd7 8. a3 c5
9. d5 O-O 10. h3 Ne8 11. e4 e5 12. dxe6 fxe6 13. Be3 Ndf6 14. Qc2 d5 15. cxd5
exd5 16. exd5 Nxd5 17. Rad1 Bxc3 18. bxc3 Nxe3 19. fxe3 Qe7 20. Bc4+ Kh8 21.
Rde1 Nd6 22. Ba2 Rae8 23. h4 Bxf3 24. Rxf3 Rxf3 25. gxf3 Qxh4 26. e4 Qxe1+ 27.
Kg2 Nf5 28. Qf2 Ne3+ 29. Kg3 Qxf2+ 30. Kxf2 Nd1+ 0-1

[Event "Challenge"]
[Site "http://www.queenalice.com/game.php?id=120368"]
[Date "2006.10.23"]
[Round "-"]
[White "MrX"]
[Black "fatharry"]
[Result "0-1"]
[WhiteElo "2072"]
[BlackElo "1980"]

1. e4 e5 2. f4 d5 3. exd5 e4 4. Nc3 Nf6 5. d3 Bb4 6. Bd2 e3 7. Bxe3 O-O 8. Bd2
Re8+ 9. Be2 Nxd5 10. Nxd5 Qxd5 11. Nf3 Bc5 12. c3 Bg4 13. Rf1 Qxd3 14. Ne5 Qxe2+
0-1

[Event "Challenge"]
[Site "http://www.queenalice.com/game.php?id=120370"]
[Date "2006.10.23"]
[Round "-"]
[White "fatharry"]
[Black "MrX"]
[Result "0-1"]
[WhiteElo "1997"]
[BlackElo "2002"]

1. e4 c6 2. d4 d5 3. Nc3 dxe4 4. Nxe4 Bf5 5. Ng3 Bg6 6. Nf3 Nd7 7. h4 h6 8. h5
Bh7 9. Bd3 Bxd3 10. Qxd3 Qc7 11. Be3 e6 12. O-O-O O-O-O 13. c4 Ngf6 14. Rh4 c5
15. Qc2 Bd6 16. Ne4 Nxe4 17. Rxe4 Nf6 18. Rh4 Rhe8 19. Qa4 Kb8 20. b4 cxd4 21.
Rhxd4 e5 22. Rxd6 Rxd6 23. Qxa7+ Kc8 24. Qa8+ Kd7 25. Qa4+ Ke6 26. Bc5 Rxd1+ 27.
Kxd1 Rd8+ 28. Ke1 Ne4 29. Be3 Qxc4 0-1

[Event "Challenge"]
[Site "http://www.queenalice.com/game.php?id=121005"]
[Date "2006.10.24"]
[Round "-"]
[White "MrX"]
[Black "Crema"]
[Result "0-1"]
[WhiteElo "2027"]
[BlackElo "1657"]

1. d4 d5 2. c4 dxc4 3. Nf3 Nf6 4. Nc3 e6 5. e4 Bb4 6. Bxc4 Nxe4 7. Qc2 Nxc3 8.
bxc3 Bd6 9. Bd3 Nd7 10. Bxh7 Nf6 11. Bd3 Bd7 12. a4 Bc6 13. Qe2 Nd5 14. Be4 Qd7
15. c4 Nb4 16. c5 Be7 17. Bb2 O-O-O 18. Ne5 Qe8 19. Ba3 Nd5 20. Bb2 f5 21. Bxd5
Bxd5 22. f4 Bh4+ 23. Kd2 g5 24. Rhc1 gxf4 25. c6 Rg8 26. Qb5 Rxg2+ 27. Kc3 Bxc6
0-1

[Event "Challenge"]
[Site "http://www.queenalice.com/game.php?id=121006"]
[Date "2006.10.24"]
[Round "-"]
[White "Crema"]
[Black "MrX"]
[Result "0-1"]
[WhiteElo "1786"]
[BlackElo "1995"]

1. e4 e5 2. Nf3 Nc6 3. Bc4 Bc5 4. c3 Nf6 5. d3 O-O 6. Nbd2 h6 7. Nf1 d5 8. exd5
Nxd5 9. Bxd5 Qxd5 10. Ne3 Qe6 11. O-O Rd8 12. b4 Bb6 13. Qc2 f5 14. Re1 Qd6 15.
Nh4 f4 16. Nef5 Qxd3 17. Qb3+ Qd5 18. c4 Qf7 19. c5 Be6 20. Qb1 Rf8 21. cxb6
Bxf5 22. Nxf5 Qxf5 23. Qb3+ Kh8 24. bxc7 Nd4 25. Qd5 Rae8 26. Bb2 Nc6 27. b5 Nb4
28. Qc5 Nd3 29. Qc2 Nxe1 30. Qxf5 Rxf5 31. Rxe1 Rf7 32. Rxe5 Rc8 0-1

[Event "AUTO-MASTER-223"]
[Site "http://www.queenalice.com/game.php?id=123030"]
[Date "2006.10.29"]
[Round "1"]
[White "Norfair"]
[Black "MrX"]
[Result "1-0"]
[WhiteElo "1543"]
[BlackElo "1881"]

1. e4 e5 2. Nf3 Nc6 3. Bb5 a6 4. Ba4 Nf6 5. O-O b5 6. Bb3 Be7 7. Re1 O-O 8. h3
d6 9. c3 Na5 10. Bc2 c5 11. d4 Qc7 12. b3 Bb7 13. Bb2 Rac8 14. Bd3 c4 15. Bc2
Rfe8 16. d5 Ba8 17. b4 Nb7 18. a4 a5 19. axb5 Qb6 20. bxa5 Nxa5 21. Nbd2 Red8
22. Rb1 Qxb5 23. Ba4 Qa6 24. Ba3 Rb8 25. Qc2 Bf8 26. Bb4 Nxd5 27. exd5 Bxd5 28.
Ne4 Nb3 29. Bxb3 1-0

[Event "AUTO-MASTER-223"]
[Site "http://www.queenalice.com/game.php?id=123031"]
[Date "2006.10.29"]
[Round "1"]
[White "MrX"]
[Black "Norfair"]
[Result "1-0"]
[WhiteElo "1999"]
[BlackElo "1948"]

1. e4 c5 2. Nf3 d6 3. d4 cxd4 4. Nxd4 Nf6 5. Nc3 a6 6. Be2 e5 7. Nb3 Be6 8. O-O
Nbd7 9. Kh1 Rc8 10. f4 Qc7 11. f5 Bc4 12. Bxc4 b5 13. Bd3 Nc5 14. Nxc5 dxc5 15.
Bg5 b4 16. Nd5 Nxd5 17. exd5 1-0

[Event "AUTO-MASTER-223"]
[Site "http://www.queenalice.com/game.php?id=123046"]
[Date "2006.10.29"]
[Round "1"]
[White "Miguelname"]
[Black "MrX"]
[Result "1-0"]
[WhiteElo "1948"]
[BlackElo "1984"]

1. e4 c5 2. Nf3 d6 3. b4 cxb4 4. d4 g6 5. Bd3 Bg7 6. a3 bxa3 7. Nxa3 Nc6 8. c3
Nf6 9. O-O O-O 10. Bg5 h6 11. Be3 a6 12. h3 e5 13. Qd2 Kh7 14. d5 Ne7 15. Nc4
Nd7 16. Nxd6 1-0

[Event "AUTO-MASTER-223"]
[Site "http://www.queenalice.com/game.php?id=123058"]
[Date "2006.10.29"]
[Round "1"]
[White "MrX"]
[Black "Mirok"]
[Result "0-1"]
[WhiteElo "2030"]
[BlackElo "2286"]

1. d4 Nf6 2. c4 e6 3. Nf3 d5 4. e3 c5 5. Nc3 Nc6 6. Be2 dxc4 7. Bxc4 a6 8. O-O
b5 9. Bd3 Bb7 10. dxc5 Bxc5 11. a3 b4 12. Na4 Bd6 13. e4 O-O 14. Be3 bxa3 15.
bxa3 Ne5 16. Nxe5 Bxe5 17. Bb6 Qd6 18. Bc5 Bxh2+ 19. Kh1 Qf4 20. g3 Qh6 0-1

[Event "AUTO-MASTER-223"]
[Site "http://www.queenalice.com/game.php?id=123059"]
[Date "2006.10.29"]
[Round "1"]
[White "Mirok"]
[Black "MrX"]
[Result "1-0"]
[WhiteElo "2281"]
[BlackElo "2036"]

1. e4 c6 2. d4 d5 3. Nc3 dxe4 4. Nxe4 Bf5 5. Ng3 Bg6 6. h4 h6 7. Nf3 Nd7 8. Bd3
Bxd3 9. Qxd3 Qc7 10. Bd2 e6 11. c4 Ngf6 12. Bc3 Bd6 13. Ne4 Nxe4 14. Qxe4 Nf6
15. Qe2 b6 16. O-O O-O-O 17. b4 Qe7 18. a4 g5 19. a5 Kb7 20. axb6 axb6 21. c5
1-0

[Event "Challenge"]
[Site "http://www.queenalice.com/game.php?id=124984"]
[Date "2006.11.3"]
[Round "-"]
[White "MrX"]
[Black "jeffersonchess"]
[Result "1/2-1/2"]
[WhiteElo "2020"]
[BlackElo "1100"]

1. d4 Nf6 2. c4 e6 3. Nc3 Bb4 4. Qc2 c5 5. e3 d5 6. cxd5 Nxd5 7. Bd3 h6 8. Ne2
b6 9. O-O Bxc3 10. bxc3 cxd4 11. exd4 Bb7 12. Bd2 Nd7 13. c4 N5f6 14. Rfe1 O-O
15. Nf4 Rc8 16. Re3 b5 17. c5 Nd5 18. Nxd5 Bxd5 19. Rg3 Kh8 20. Bxh6 gxh6 21.
Qd2 Qf6 22. Rh3 Kg7 23. Rg3+ Kh8 24. Rh3 Kg7 25. Rg3+ Kh8 26. Rh3 1/2-1/2

[Event "Challenge"]
[Site "http://www.queenalice.com/game.php?id=126253"]
[Date "2006.11.7"]
[Round "-"]
[White "MrX"]
[Black "Crema"]
[Result "1-0"]
[WhiteElo "2002"]
[BlackElo "1841"]

1. e4 c5 2. Nf3 d6 3. b4 cxb4 4. d4 Nf6 5. Nbd2 Qb6 6. a3 Qc6 7. Bd3 bxa3 8.
Bxa3 Qc3 9. O-O Nc6 10. Nc4 Bg4 11. Bb2 Qb4 12. Ra4 Qxa4 13. Qd2 Bxf3 14. gxf3
Nxd4 15. Bxd4 Qd7 16. e5 e6 17. exf6 e5 18. fxg7 Bxg7 19. Bf5 Qe7 20. Re1 O-O
21. Be3 Qh4 22. Bg4 f6 23. Nxd6 Rad8 24. Qb4 Kh8 25. Nf5 h5 26. Nxh4 1-0

[Event "Challenge"]
[Site "http://www.queenalice.com/game.php?id=126254"]
[Date "2006.11.7"]
[Round "-"]
[White "Crema"]
[Black "MrX"]
[Result "0-1"]
[WhiteElo "1821"]
[BlackElo "2012"]

1. e4 c5 2. Nf3 d6 3. d4 cxd4 4. Nxd4 Nf6 5. Nc3 g6 6. Be3 Bg7 7. f3 O-O 8. Qd2
Nc6 9. h4 h5 10. O-O-O Be6 11. Nxe6 fxe6 12. Bc4 Qd7 13. Bh6 Ne5 14. Bb3 Rac8
15. Rdf1 a5 16. g4 Rxc3 17. Bxg7 Kxg7 18. gxh5 Rxf3 19. h6+ Kh7 20. Rxf3 Nxf3
21. Qg2 Ne5 22. h5 Rg8 23. Qh3 Nfg4 24. a4 d5 25. Rg1 gxh5 26. Qxh5 Rg6 27. exd5
exd5 28. c3 Rxh6 29. Bc2+ Kh8 30. Qg5 Qe6 31. Bf5 Qf6 32. Rxg4 Rh1+ 33. Kc2 Nxg4
34. Qxg4 Rh4 35. Qg6 Qxg6 36. Bxg6 Kg7 0-1

[Event "AUTO-ADV-263"]
[Site "http://www.queenalice.com/game.php?id=137465"]
[Date "2006.12.5"]
[Round "2"]
[White "MrX"]
[Black "neijrodrigues"]
[Result "0-1"]
[WhiteElo "1967"]
[BlackElo "2046"]

1. e4 d5 2. exd5 Qxd5 3. Nc3 Qa5 4. d4 Nf6 5. Bc4 c6 6. Nf3 Bf5 7. Bd2 Qc7 8.
O-O e6 9. Ne5 Bd6 10. f4 b5 11. Bb3 b4 12. Ne2 Ne4 13. Be3 O-O 14. c3 bxc3 15.
bxc3 c5 16. Nc4 Be7 17. Qe1 Nd7 18. Ng3 Bh4 19. Bf2 Nxf2 20. Qxf2 a5 21. a4 Rab8
22. Qa2 Bd3 23. Rf3 Bxc4 24. Bxc4 Nb6 25. Bb5 Rfd8 26. Ne2 Bf6 0-1

[Event "AUTO-ADV-263"]
[Site "http://www.queenalice.com/game.php?id=137466"]
[Date "2006.12.5"]
[Round "2"]
[White "neijrodrigues"]
[Black "MrX"]
[Result "1-0"]
[WhiteElo "2059"]
[BlackElo "1954"]

1. Nf3 c5 2. c4 Nc6 3. Nc3 e5 4. d3 g6 5. g3 Nge7 6. Bg2 Bg7 7. O-O O-O 8. Bg5
h6 9. Be3 d6 10. Qd2 Kh7 11. h4 f5 12. h5 g5 13. Nxg5+ hxg5 14. Bxg5 Qe8 15. Bf3
Nd4 16. Kg2 Nxf3 17. exf3 Be6 18. Rh1 Nc6 19. Rae1 Nd4 20. Ne2 Nxe2 21. Rxe2 Qf7
22. b4 b6 23. a3 f4 24. gxf4 exf4 25. Re4 1-0

[Event "AUTO-ADV-263"]
[Site "http://www.queenalice.com/game.php?id=137467"]
[Date "2006.12.5"]
[Round "2"]
[White "MrX"]
[Black "serse"]
[Result "0-1"]
[WhiteElo "2013"]
[BlackElo "2020"]

1. d4 d5 2. c4 dxc4 3. Nc3 e5 4. d5 Nf6 5. e4 c6 6. Bxc4 b5 7. Bb3 b4 8. Na4
Nxe4 9. Nf3 Ba6 10. Be3 Nf6 11. dxc6 Qxd1+ 12. Rxd1 Ng4 13. Bc5 Nxc6 14. h3 Nh6
15. Bd5 Bb5 16. Bxf8 Kxf8 17. Nc5 Rc8 18. Nd7+ Ke7 19. Bxc6 Rxc6 20. Ndxe5 Re6
21. Kd2 f6 22. Nd3 Rd8 23. Ne1 Nf5 24. Kc1 Red6 25. g4 Nd4 0-1

[Event "AUTO-ADV-263"]
[Site "http://www.queenalice.com/game.php?id=137468"]
[Date "2006.12.5"]
[Round "2"]
[White "serse"]
[Black "MrX"]
[Result "1-0"]
[WhiteElo "2066"]
[BlackElo "1997"]

1. e4 c5 2. Nf3 Nc6 3. Bb5 g6 4. O-O Bg7 5. Re1 e6 6. c3 Nge7 7. d4 cxd4 8. cxd4
d5 9. e5 O-O 10. Bg5 Bd7 11. Qd2 Re8 12. Nc3 Qa5 13. a4 a6 14. Bxc6 Nxc6 15. Bh6
Qd8 16. h4 Na5 17. Rab1 Nc4 18. Qf4 Qe7 19. Bxg7 Kxg7 20. b3 Na5 21. Rec1 Rac8
22. h5 h6 23. Qe3 Rc6 24. Ne2 Rec8 25. Qd2 b6 26. Re1 Rc2 27. Qd3 b5 28. b4 Nb7
29. Rec1 Rxc1+ 30. Nxc1 Rc4 31. hxg6 fxg6 32. axb5 Bxb5 33. Qd2 Nd8 34. Nd3 1-0